000 00444nam a2200169 a 4500
005 20240919064341.0
008 010801s1960 r 000 0 eng d
035 _aUPN01000110415
049 _aCG
050 4 _aHB177
_bP3.4
100 1 _aPesenti, Antonio
245 1 0 _aLecciones de economía política /
_cAntonio Pesenti.
260 _aMéxico :
_bQuinto Sol,
_c[1960?].
300 _a419 p.
650 4 _aEconomía
_911541
905 _aLibro
999 _c84324
_d84324